| 000 | 00965pab a2200169 454500 | ||
|---|---|---|---|
| 008 | 180718b2002 xxu||||| |||| 00| 0 eng d | ||
| 100 | _aNihila, Millie | ||
| 245 | _aGrowing industries, sick workers: a study of leather tanning industry of Dinddigul from an occupational health perspective | ||
| 260 | _c2002 | ||
| 300 | _ap.134-66. | ||
| 362 | _aJan-Jun | ||
| 520 | _aThis paper is an attempt to question India's development paradigm through a concrete field based study of an export-oriented industry, namely, the leather tanning industry concentrated in Dindigul in South Tamil Nadu. In a nutshell, the study explores the structural nature of employment in the industry and its consequences for the health of workers, given a unique organization of production which evolved over a long period. - Reproduced. | ||
| 650 | _aLeather industry - India - Tamil Nadu | ||
| 650 | _aLeather industry | ||
| 773 | _aReview of Development and change | ||
| 909 | _a53949 | ||
| 999 |
_c53949 _d53949 |
||